| 000 | 02320nab a2200313 a 4500 | ||
|---|---|---|---|
| 005 | 20260321064238.0 | ||
| 008 | 991125c2016 sp fr p o 000 0 spa d | ||
| 035 | _aUPN01000210713 | ||
| 040 |
_aMX-MxUPN _bspa _cMX-MxUPN _eaacr2 |
||
| 049 | _aART-E | ||
| 100 | 1 |
_aVázquez Cano, Esteban _941909 |
|
| 100 | 1 | _uevazquez@edu.uned.es | |
| 100 | 1 | _aLópez Meneses, Eloy | |
| 100 | 1 | _uelopmen@upo.es | |
| 245 | 1 | 0 | _aExperiencia didáctica con mapas conceptuales interactivos con estudiantes universitarios sobre las áreas de intervención socio-laboral del educador social |
| 506 | 0 | _aAcceso abierto | |
| 520 | 3 | _aEn este artículo se describe una experiencia de innovación universitaria sobre las áreas de intervención más determinantes del futuro Educador Social, según los estudiantes del primer curso de la asignatura de Tecnologías de la Información y la Comunicació n (TIC) y Educación Social, de la titulación de Grado de Educación Social, del curso académico 2014 - 15. Entre los resultados más relevantes, referentes al análisis de los ámbitos de intervención del futuro Educador Social, destacan especialmente el tema d e la Drogodependencia (19%) y el ámbito de la Discapacidad / Salud Mental (17%); también, la Adolescencia (15%), la Infancia (13%) y la Tercera Edad (12%). En menor medida, encontramos los ámbitos de Adultos (8%), la Atención Comunitaria (7%) y la Inmigra ción (4%). Por último, la práctica innovadora se deriva de la línea de trabajo iniciada en la investigación “Innovación docente 2.0 con Tecnologías de la Información y la Comunicación (TIC) en el Espacio Europeo de Educación Superior”, situada en el marco de la Acción 2, de Proyectos de Innovación y Desarrollo Docente de la Universidad Pablo de Olavide, de Sevilla. | |
| 650 | 4 |
_aMapas conceptuales _95253 |
|
| 650 | 2 |
_aSistemas multimedia _918211 |
|
| 650 | 4 |
_aEducación superior _932 |
|
| 650 | 2 |
_aTrabajadores sociales _96494 |
|
| 650 | 2 |
_aIntervención social _922573 |
|
| 650 | 4 |
_aTecnologías de la información y comunicación _921219 |
|
| 773 |
_gVol. 18, no. 1 (2016), p. 5-23 _tAula de encuentro _x2341-4847 |
||
| 856 | 4 | _uhttps://revistaselectronicas.ujaen.es/index.php/ADE/article/view/2868 | |
| 902 | _aGloria Jiménez/210525 | ||
| 905 | _aArticulo | ||
| 942 | _cART-E | ||
| 999 |
_c182814 _d182814 |
||